UM Logo

Excel 2007: (Record no. 3047)

MARC details
000 -LEADER
fixed length control field 00602nam a22001817a 4500
008 - FIXED-LENGTH DATA ELEMENTS--GENERAL INFORMATION
fixed length control field 160606b xxu||||| |||| 00| 0 eng d
020 ## - INTERNATIONAL STANDARD BOOK NUMBER
International Standard Book Number 13: 978-0-470-04644-9
020 ## - INTERNATIONAL STANDARD BOOK NUMBER
International Standard Book Number 10: 0-470-04644-9
082 ## - DEWEY DECIMAL CLASSIFICATION NUMBER
Edition number 2007
Classification number DC 005.54
Item number Z1e
100 ## - MAIN ENTRY--PERSONAL NAME
9 (RLIN) 10170
Personal name Zapawa, Timothy.
245 ## - TITLE STATEMENT
Title Excel 2007:
Remainder of title advanced report development/
Statement of responsibility, etc. Timothy Zapawa.
260 ## - PUBLICATION, DISTRIBUTION, ETC. (IMPRINT)
Place of publication, distribution, etc. Indiana:
Name of publisher, distributor, etc. Wiley Publishing,
Date of publication, distribution, etc. c2007.
300 ## - PHYSICAL DESCRIPTION
Extent xxxi, 541 pages;
Dimensions 23 cm.
500 ## - GENERAL NOTE
General note Includes index.
650 #0 - SUBJECT ADDED ENTRY--TOPICAL TERM
9 (RLIN) 10171
Topical term or geographic name as entry element Microsoft excel (Computer file).
650 #0 - SUBJECT ADDED ENTRY--TOPICAL TERM
9 (RLIN) 10172
Topical term or geographic name as entry element Business report writing
General subdivision Computer programs.
942 ## - ADDED ENTRY ELEMENTS (KOHA)
Source of classification or shelving scheme Dewey Decimal Classification
Koha item type Circulation
Holdings
Withdrawn status Lost status Source of classification or shelving scheme Damaged status Not for loan Collection code Home library Current library Date acquired Source of acquisition Cost, normal purchase price Total Checkouts Full call number Barcode Date last seen Price effective from Koha item type
    Dewey Decimal Classification     Circulation UM Digos College - LIC UM Digos College - LIC 09/01/2007 Purchased 3691.00   DC 005.54 Z1e 2007 19193 05/15/2025 06/06/2016 Circulation